[Event "POR-chT 1st League 2017"]
[Site "Leiria"]
[Date "2017.07.20"]
[Round "6"]
[White "Barrero Garcia, Carlos"]
[Black "Figuero Toro, Julian Francisco"]
[Result "1/2-1/2"]
[WhiteElo "2309"]
[BlackElo "2314"]
[Annotator "TA"]
[PlyCount "31"]
[EventDate "2017.??.??"]
[EventType "team-tourn"]
[EventCountry "POR"]
[SourceTitle "playchess.com"]
[Source "ChessBase"]
[SourceQuality "1"]

{[%evp 21,31,18,15,4,0,-27,51,0,0,-52,-60,-66]} 1. d4 Nf6 2. c4 e6 3. Nf3 Bb4+ 4. Nbd2 O-O 5. a3 Be7 6. e4 {[%cal Be2e4,Be4e5][%mdl 32]} d5 7. e5 Nfd7 8. cxd5 exd5 9. Bd3 c5 10. O-O Nc6 11. Re1 a5 {LiveBook: 35 Games} 12. Bb1 {E11: Bogo-Indian} a4 $146 ({Predecessor:} 12... Re8 13. Nf1 Nf8 14. Ne3 cxd4 15. Nf5 Bxf5 16. Bxf5 Qb6 17. h4 Bc5 18. Bd3 h6 19. Re2 Ne6 {0-1 (40) Noe,C (2434)-Fedorchuk,S (2615) Germany 2017}) 13. Bc2 b5 (13... Qc7 $11) 14. Nb1 (14. Nf1 $1 $14) 14... cxd4 $11 15. Qd3 (15. Nxd4 $11 Ndxe5 16. Nc3 (16. Nxc6 Nxc6 17. Nc3 d4 $11)) 15... g6 $15 16. Bh6 1/2-1/2

[Event "POR-chT 1st League 2017"]
[Site "Leiria"]
[Date "2017.07.20"]
[Round "6"]
[White "Vasques, Antonio Pedro Freix"]
[Black "Larino Nieto, David"]
[Result "0-1"]
[WhiteElo "2307"]
[BlackElo "2495"]
[Annotator "TA"]
[PlyCount "76"]
[EventDate "2017.??.??"]
[EventType "team-tourn"]
[EventCountry "POR"]
[SourceTitle "playchess.com"]
[Source "ChessBase"]
[SourceQuality "1"]

{[%evp 14,76,18,30,45,28,37,17,17,18,14,18,28,31,34,15,43,42,47,40,50,42,56,34,56,61,52,45,56,41,43,0,10,0,45,30,47,39,96,89,90,83,75,86,137,102,462,203,402,353,349,356,800,95,114,2,2,0,0,0,150,151,128,136,124]} 1. e4 e5 2. Nf3 d6 3. d4 exd4 4. Nxd4 Nf6 5. Nc3 Nc6 6. Be2 Be7 7. O-O Nxd4 8. Qxd4 O-O {C45: Scotch Game} 9. Be3 Re8 (9... Ng4 10. Bf4 Bf6 11. Qd2 Be5 12. Bxe5 Nxe5 13. f4 Nd7 14. Rad1 {1-0 (32) Vokhidov,S (2352)-Proleiko,J (2047) Moscow 2016}) 10. Rad1 $146 ({Predecessor:} 10. h3 b6 11. f4 Bb7 12. Rad1 Nd7 {½-½ (74) Cisse,M-Falcon Diaz,F (1600) Las Palmas 2012}) 10... Ng4 {The position is equal.} 11. Bxg4 Bxg4 12. f3 Bd7 13. Nd5 Bf8 14. c4 b6 15. Qd2 Bc6 16. Rfe1 Bb7 17. Bg5 Qc8 18. Kh1 c6 19. Ne3 Qe6 20. b3 f6 21. Bf4 Rad8 22. Nc2 Qf7 23. Ne3 Qh5 (23... d5 $5) 24. Qf2 Rd7 25. Rd3 Ba6 (25... Qf7 $14) 26. Red1 Red8 27. a4 Bb7 28. Qd2 g6 (28... Qe8 $142) 29. Ng4 Be7 $2 {[%mdl 8192] [#]} (29... Bg7 $16) 30. Qc3 (30. e5 $142 $1 {[%mdl 512]} fxe5 {[#]} (30... dxe5 31. Rxd7) 31. Bxe5 $1 {[%mdl 512]}) 30... Kf7 $2 {[#]} (30... Bc8 31. Nxf6+ Bxf6 32. Qxf6 Rf8) 31. Bxd6 $1 {[%mdl 512]} Qg5 {[%cal Rd7d6]} (31... Rxd6 32. Rxd6) 32. e5 h5 $2 (32... Bxd6 33. c5 (33. exd6 c5 $16) (33. Rxd6 Rxd6 34. exd6 Bc8 $16) (33. Nxf6 Bxe5 34. Rxd7+ Rxd7 $11) 33... f5) 33. Nf2 $2 (33. Qe1 $18 {has better winning chances.} Rxd6 34. exd6) 33... Bxd6 $16 34. Ne4 ({White should play} 34. exd6 $16 {Strongly threatening Ne4.} c5 35. Nh3) 34... Qxe5 $11 {[%csl Gd6][%cal Re5h2]} 35. Nxd6+ Kf8 36. Qd2 {Qh6+ is the strong threat.} c5 (36... g5 $1 $11) 37. Qh6+ $16 Kg8 {[%cal Rd7d6]} 38. Qxg6+ Rg7 {[%mdl 32768] Precision: White = 43%, Black = 43%. . Loss on Time!?} 0-1

[Event "POR-chT 1st League 2017"]
[Site "Leiria"]
[Date "2017.07.20"]
[Round "6"]
[White "Silva, Fernando"]
[Black "Padeiro, Jose"]
[Result "1/2-1/2"]
[WhiteElo "2249"]
[BlackElo "2276"]
[Annotator "TA"]
[PlyCount "80"]
[EventDate "2017.??.??"]
[EventType "team-tourn"]
[EventCountry "POR"]
[SourceTitle "playchess.com"]
[Source "ChessBase"]
[SourceQuality "1"]

{[%evp 12,80,22,13,18,18,26,22,22,31,25,18,20,22,29,6,6,11,7,4,15,0,5,-25,-26,-41,-33,-42,-25,-40,-16,-37,-37,-27,-22,-26,-23,-27,-35,-60,-81,-35,0,0,0,0,0,0,0,0,0,0,0,0,0,0,0,0,0,0,0,0,0,0,0,0,0,0,0,0,0]} 1. d4 e6 2. Nf3 Nf6 3. c4 Bb4+ 4. Bd2 Qe7 5. Nc3 O-O 6. e3 d6 7. Be2 a5 {E11: Bogo-Indian} (7... Bxc3 $5 8. Bxc3 Nbd7 $14) (7... e5 8. O-O Bf5 9. Qb3 a5 10. h3 c5 11. Qd1 Rd8 12. Re1 h6 13. a3 Bxc3 14. Bxc3 Ne4 15. Nd2 Nxc3 16. bxc3 {0-1 (40) Kraemer,M (2566)-Bauer,C (2644) Switzerland 2016}) 8. O-O Bxc3 9. Bxc3 Ne4 10. Be1 $146 ({Predecessor:} 10. Qc2 Nxc3 11. Qxc3 Nd7 12. Nd2 e5 13. Rae1 Re8 {½-½ (13) Ascic,A (2156)-Vidovic,M (2179) Sibenik 2009}) 10... b6 11. Nd2 Nxd2 12. Bxd2 Bb7 13. Bf3 Bxf3 14. Qxf3 Nd7 15. Bc3 e5 16. Rfd1 e4 17. Qg3 f5 18. d5 Rae8 19. Bd4 Ne5 20. Bxe5 dxe5 21. Qh3 Rf6 22. g3 f4 23. Re1 Ref8 24. Qg2 fxg3 25. fxg3 Rf3 26. Qc2 Rf2 27. Re2 {The position is equal.} Rxe2 28. Qxe2 $11 {[%mdl 4096] Endgame KQR-KQR} Rf3 29. Rf1 Qc5 30. Rxf3 exf3 31. Qxf3 Qxc4 {KQ-KQ} 32. Qf5 Qc1+ 33. Kg2 Qd2+ 34. Kh3 Qxd5 35. Qc8+ Kf7 36. Qxc7+ Kf6 37. Qxb6+ Kg5 38. Qc7 (38. Qa7 $5 {[%cal Ra7g7]} Qe6+ 39. Kg2 Qc6+ 40. Kh3 Qe6+ 41. Kg2 Qc6+ 42. Kh3 Qe6+ $11) 38... Qe6+ 39. Kg2 Qd5+ 40. Kh3 (40. Kg1 $5 {[%cal Rc7g7]} Kf6 41. Qc2 $11) 40... Qe6+ {Precision: White = 66%, Black = 69%.} 1/2-1/2

[Event "POR-chT 1st League 2017"]
[Site "Leiria"]
[Date "2017.07.20"]
[Round "6"]
[White "Santos, Antonio Pereira"]
[Black "Espineira Gonzalez, Diego"]
[Result "1/2-1/2"]
[WhiteElo "2237"]
[BlackElo "2364"]
[Annotator "TA"]
[PlyCount "56"]
[EventDate "2017.??.??"]
[EventType "team-tourn"]
[EventCountry "POR"]
[SourceTitle "playchess.com"]
[Source "ChessBase"]
[SourceQuality "1"]

{[%evp 14,56,25,-6,-2,2,47,27,34,25,26,32,26,30,33,30,35,-20,-10,-37,0,-29,-14,-32,-38,-40,-30,-70,-14,-39,0,0,0,0,-6,-9,0,0,0,0,0,0,0,-4,7]} 1. e4 c5 2. Nf3 Nc6 3. d4 cxd4 4. Nxd4 e6 5. Nb5 d6 6. c4 Nf6 7. N5c3 Be7 {B44: Sicilian: Taimanov: 5 Nb5} 8. g3 {LiveBook: 34 Games} h5 9. h3 d5 $146 ({Predecessor:} 9... h4 10. g4 Nd7 11. Be3 g5 12. Nb5 Nde5 13. N1c3 b6 14. Be2 Bb7 15. Qd2 {0-1 (38) Espineira Gonzalez,D (2360)-Lopez Martinez,J (2549) Linares 2014}) 10. exd5 exd5 11. cxd5 Nb4 12. a3 Nbxd5 13. Bg2 {[%cal Rc3d5]} Be6 14. O-O Qd7 15. Qf3 (15. Re1 $14) 15... Rd8 16. Rd1 Qc8 17. Bg5 O-O 18. Rc1 Qd7 19. Rd1 {[#] Strongly threatening Bxf6.} Qc7 20. Qe2 Rfe8 (20... Bc5 $15 21. Kh2 Rfe8) 21. Nb5 Qb6 22. N1c3 {The position is equal.} a6 23. Nd4 $36 {[%mdl 2048] White has the initiative.} Nxc3 24. bxc3 Bc8 25. Bxf6 Bxf6 26. Qxh5 Re5 27. Qf3 Rc5 28. Rd3 (28. Rab1 $5 {[%cal Rb1b6]} Qc7 29. Rd3 $11) 28... Qb2 {Precision: White = 45%, Black = 44%.} 1/2-1/2

[Event "POR-chT 1st League 2017"]
[Site "Leiria"]
[Date "2017.07.20"]
[Round "6"]
[White "Andrade, Jose"]
[Black "Cavaleiro, Daniel Filipe Costa"]
[Result "1-0"]
[WhiteElo "2223"]
[BlackElo "2006"]
[Annotator "TA"]
[PlyCount "73"]
[EventDate "2017.??.??"]
[EventType "team-tourn"]
[EventCountry "POR"]
[SourceTitle "playchess.com"]
[Source "ChessBase"]
[SourceQuality "1"]

{[%evp 20,73,64,56,105,32,48,47,60,39,56,29,33,10,17,0,49,8,14,0,5,0,10,4,4,4,6,6,8,8,10,10,11,5,12,0,0,0,10,8,11,0,19,16,28,33,38,35,39,37,39,56,79,47,51,74]} 1. d4 e6 2. c4 Nf6 3. Nc3 Bb4 4. Qc2 c5 5. dxc5 Bxc5 6. e3 O-O 7. Nf3 d5 8. a3 Nc6 9. b4 Be7 10. Bb2 dxc4 {D40: Queen's Gambit Declined: Semi-Tarrasch with 5 e3} 11. Bxc4 {LiveBook: 6 Games} Qc7 (11... a6 12. O-O Qc7 13. Ba2 Bd7 14. Rac1 Rac8 15. Rfd1 Ne5 16. Nxe5 Qxe5 17. Qe2 Qg5 18. Qf3 {½-½ (47) Gonzalez Trigal,J (2338)-Galego,L (2484) Mondariz 2016}) 12. Nb5 ({White should play} 12. Ne4 $16) 12... Qb8 $14 13. O-O $146 ({Predecessor:} 13. Ng5 h6 14. h4 Rd8 15. f4 a6 16. Nc3 b5 17. Bb3 Qb6 18. Rh3 Bb7 19. Nxf7 Kxf7 20. Rg3 Bf8 21. Qg6+ Ke7 22. Ne4 Nxe4 23. Qxe6# {1-0 (23) Schwarz,F-Dittmann,H Bad Segeberg 1998}) 13... a6 14. Nbd4 Bd7 15. Rac1 Rc8 16. Qb1 Nxd4 17. Bxd4 Bc6 (17... Rxc4 $5 18. Rxc4 Bb5 $14) 18. Be5 Bd6 19. Bxd6 Qxd6 20. Rfd1 Qb8 21. Be2 Bd5 22. Rxc8+ Qxc8 23. Rc1 Qd8 24. Qc2 h6 25. h3 Qd6 26. Qc7 Ne8 27. Qc5 (27. Qc3 {is interesting.} Qd8 28. Ne5 Nd6 29. Qd4 Rc8 30. Rxc8 Qxc8 31. Qb6) 27... Qxc5 28. Rxc5 Nd6 29. Ne5 Rc8 30. Nd7 Bc6 31. Nb6 Rd8 32. Bxa6 Ne4 33. Rc1 {b5 is the strong threat.} bxa6 34. Rxc6 Rd1+ 35. Kh2 Nxf2 36. Kg3 Ne4+ 37. Kf4 {Precision: White = 58%, Black = 60%.} 1-0

[Event "POR-chT 1st League 2017"]
[Site "Leiria"]
[Date "2017.07.20"]
[Round "6"]
[White "Ulyanovskyy, Viktor"]
[Black "Gonzalez Perez, Arian"]
[Result "0-1"]
[WhiteElo "2219"]
[BlackElo "2461"]
[Annotator "TA"]
[PlyCount "62"]
[EventDate "2017.??.??"]
[EventType "team-tourn"]
[EventCountry "POR"]
[SourceTitle "playchess.com"]
[Source "ChessBase"]
[SourceQuality "1"]

{[%evp 9,62,19,46,32,80,83,68,101,91,56,62,53,106,37,32,25,34,19,37,28,24,20,19,8,33,16,73,-14,30,22,35,-31,-24,-45,-39,-270,-248,-259,-260,-254,-250,-260,-267,-427,-433,-444,-455,-419,-461,-520,-435,-448,-307,-520,-491]} 1. e4 g6 2. g3 c6 (2... c5 3. c3 Nc6 4. Bg2 Bg7 5. Ne2 e5 6. d3 Nge7 7. Be3 d6 8. O-O O-O 9. Nd2 b6 10. f4 d5 11. h3 exf4 12. gxf4 Re8 13. e5 Be6 14. d4 Qd7 15. Kh2 Nf5 16. Bf2 cxd4 17. Nxd4 Ncxd4 18. Bxd4 Nxd4 19. cxd4 {½-½ (38) Mamedyarov,S (2733)-Vachier Lagrave,M (2710) Beijing 2011}) 3. Bg2 d5 4. Nc3 d4 5. Nce2 d3 $146 ({Predecessor:} 5... Bg7 6. d3 c5 7. f4 Qc7 8. Nf3 Nc6 9. h3 f6 10. O-O Nh6 11. c3 {0-1 (103) Becker,D (1910)-Wendker,C (1968) Germany 2011}) 6. cxd3 {B06: Modern Defence} Qxd3 7. Nf4 Qa6 8. d4 {White is slightly better.} Bg7 9. h3 Nd7 $1 10. Nf3 (10. e5 {with more complications.} e6 11. b4 Ne7 12. a4 Qc4 13. Ba3) 10... e6 (10... e5 $14) 11. Qd3 (11. Qc2 $16) 11... Qxd3 12. Nxd3 Ne7 13. Be3 O-O 14. O-O b6 15. Rfc1 Bb7 16. Nd2 Rfd8 17. Nc4 Nf6 (17... Ba6 $11 {remains equal.}) 18. Nce5 ({White should play} 18. a4 $16) 18... Ne8 19. a4 f6 20. Nf3 (20. Nc4 $14) 20... c5 $15 21. Nf4 cxd4 22. Nxe6 $2 {[#]} ({Only move:} 22. Nxd4 $15 e5 23. Nde6 exf4 24. Nxd8 Rxd8 25. gxf4) 22... dxe3 $19 23. Nxd8 exf2+ 24. Kxf2 Rxd8 25. Rd1 Nd6 26. e5 (26. Nd4 $142 Nxe4+ 27. Bxe4 Bxe4 28. Ne6 Rxd1 29. Rxd1) 26... fxe5 27. Ng5 Bxg2 28. Kxg2 Nef5 29. Rd3 Rc8 30. Rad1 Nd4 31. Ne6 $2 {[#]} (31. Rc3 {keeps fighting.}) 31... Rc2+ {Precision: White = 24%, Black = 66%.} 0-1

[Event "POR-chT 1st League 2017"]
[Site "Leiria"]
[Date "2017.07.20"]
[Round "6"]
[White "Carneiro, Carlos"]
[Black "Iruzubieta Villaluenga, Jesus M"]
[Result "0-1"]
[WhiteElo "2175"]
[BlackElo "2428"]
[Annotator "TA"]
[PlyCount "56"]
[EventDate "2017.??.??"]
[EventType "team-tourn"]
[EventCountry "POR"]
[SourceTitle "playchess.com"]
[Source "ChessBase"]
[SourceQuality "1"]

{[%evp 18,56,62,36,54,53,83,77,86,75,81,54,69,88,83,83,156,154,166,-6,-10,-32,-14,-21,-25,-93,-103,-97,-97,-105,-95,-93,-101,-253,-245,-240,-240,-670,-687,-671,-665]} 1. d4 Nf6 2. c4 d6 3. Nc3 e5 4. Nf3 Nbd7 5. g3 Be7 6. Bg2 O-O 7. O-O c6 8. e4 Re8 9. Qc2 Bf8 10. h3 Qc7 {A55: Old Indian Defence with Nf3 and e4} (10... a6 11. d5 cxd5 12. cxd5 b5 13. Be3 Nb6 14. Nd2 Bd7 15. Rfc1 Qb8 16. b3 Rc8 17. a3 Be7 18. Qd3 Bd8 {½-½ (81) Belous,V (2554)-Onischuk,V (2574) Taganrog 2013}) 11. Be3 exd4 12. Nxd4 a5 {White is better.} 13. Rad1 Nc5 14. Rfe1 g6 15. b3 Bd7 16. a3 $146 ({Predecessor:} 16. f4 Bg7 17. Bf2 Rac8 18. Nf3 b6 19. g4 h5 20. g5 Nh7 {1-0 (45) Torres Rodriguez,J (2155)-Torres,J (2171) Medellin 2009}) 16... Rad8 (16... h5 $142) 17. Bg5 $16 Bg7 {[#]} 18. Bxf6 $2 (18. Ndb5 $1 $18 {[%cal Rb5c7][%mdl 512]} Qb8 (18... cxb5 19. Bxf6) 19. Nxd6) 18... Bxf6 $11 19. Ndb5 Qb8 $1 ({But not} 19... cxb5 $2 20. Nd5 $18) 20. Nxd6 Re6 21. b4 (21. e5 $1 $11 Bxe5 22. Nde4 Nxe4 23. Nxe4) 21... Rxd6 $17 22. bxc5 Rxd1 23. Rxd1 Be6 24. Rxd8+ Qxd8 25. Na4 $2 (25. Ne2 $17 {was called for.}) 25... Qd4 $19 26. Bf1 Qa1 $1 {[%csl LRa3,LRh3]} 27. Qb3 $2 (27. g4) 27... Bxh3 28. Qd3 Bd4 {Precision: White = 29%, Black = 49%.} 0-1

[Event "POR-chT 1st League 2017"]
[Site "Leiria"]
[Date "2017.07.20"]
[Round "6"]
[White "Pereira, Fernando Melao"]
[Black "Lombaers, Peter"]
[Result "1-0"]
[WhiteElo "2054"]
[BlackElo "2327"]
[Annotator "TA"]
[PlyCount "57"]
[EventDate "2017.??.??"]
[EventType "team-tourn"]
[EventCountry "POR"]
[SourceTitle "playchess.com"]
[Source "ChessBase"]
[SourceQuality "1"]

{[%evp 23,57,0,0,-12,-19,-8,-5,-9,-16,-22,-12,-10,-12,-11,-12,-21,0,-14,0,0,0,0,32,19,30,0,1,0,0,-6,0,0,0,0,0,0]} 1. d4 Nf6 2. c4 e6 3. Nc3 Bb4 4. e3 O-O 5. Nf3 d5 6. Bd3 c5 7. O-O cxd4 8. exd4 dxc4 9. Bxc4 b6 10. Qe2 Bb7 11. Bg5 Bxc3 12. bxc3 Nbd7 13. Ba6 {E54: Nimzo-Indian: Rubinstein: Main Line: 7...dxc4 8 Bxc4} (13. Bd3 Qc7 14. c4 Ng4 15. Be4 Bxe4 16. Qxe4 Ngf6 17. Qd3 Rac8 18. Rfc1 Rfe8 19. Qb1 h6 20. Bxf6 Nxf6 21. a4 Red8 22. a5 bxa5 {½-½ (44) Korobov,A (2711)-Yu,Y (2749) Khanty-Mansiysk 2017}) 13... Bxa6 14. Qxa6 Qc7 15. Bxf6 $146 ({Predecessor:} 15. Rac1 Ne4 16. Be3 Nd6 17. c4 Nf5 18. Qa3 Rfd8 19. Bg5 f6 20. Be3 Rac8 {½-½ (31) Svalander,F (2105)-Gross Winter,G (2241) ICCF email 2013}) 15... Nxf6 16. Rac1 Rfd8 17. c4 Rac8 18. h3 Nd7 19. Qb5 Qd6 20. Rfd1 Nf6 21. a4 Rc7 22. a5 h6 23. axb6 axb6 24. Rb1 Ne4 {[#] And now ...Nc3 would win.The position is equal.} 25. Rdc1 Rdc8 26. Qa6 Ng5 27. Nxg5 hxg5 28. c5 Qxd4 29. c6 {[%mdl 32768] Precision: White = 52%, Black = 46%. . Loss on Time!?} 1-0

[Event "POR-chT 1st League 2017"]
[Site "Leiria"]
[Date "2017.07.20"]
[Round "6"]
[White "Trindade, Rui Jorge Rodrigues"]
[Black "Leao, Tiago Miguel Da Sil"]
[Result "0-1"]
[WhiteElo "2033"]
[BlackElo "2075"]
[Annotator "NA RC"]
[PlyCount "78"]
[EventDate "2017.??.??"]
[EventType "team-tourn"]
[EventCountry "POR"]
[SourceTitle "playchess.com"]
[Source "ChessBase"]
[SourceQuality "1"]
[TimeControl "5400+30"]

{[%evp 28,78,-129,-151,-143,32767,-271,-260,32767,-313,-353,-372,-402,32767,32767,-437,-457,-468,-440,-456,-410,-447,-486,-402,-401,-565,0,0,0,0,0,0,0,0,0,-176,32767,-180,32767,32767,32767,32767,32767,32767,32767,-556,-706,-501,-837,-543,-805,-1184,-542]} 1. e4 {[%emt 0:00:35]} c5 {[%emt 0:02:07]} 2. Nf3 {[%emt 0:00:11]} d6 {[%emt 0:00:06]} 3. d4 {[%emt 0:00:17]} cxd4 {[%emt 0:00:05]} 4. Nxd4 {[%emt 0:00:05]} Nf6 {[%emt 0:00:06]} 5. Nc3 {[%emt 0:00:11]} g6 {[%emt 0:00:06]} 6. Bc4 {[%emt 0:04:24]} Bg7 {[%emt 0:00:33]} 7. Be3 {[%emt 0:01:06]} O-O {[%emt 0:00:08]} 8. f3 {[%emt 0:00:21]} Nc6 {[%emt 0:00:17]} 9. Qd2 {[%emt 0:00:50]} Bd7 {[%emt 0:00:29]} 10. O-O-O {[%emt 0:00:38]} Rc8 {[%emt 0:00:09]} 11. Bb3 {[%emt 0:00:11]} Ne5 {[%emt 0:00:06]} 12. h4 {[%emt 0:01:01]} h5 {[%emt 0:00:07]} 13. g4 {[%emt 0:04:56]} hxg4 {[%emt 0:00:23]} 14. f4 {[%emt 0:04:51] B78: Sicilian Dragon: Yugoslav Attack, 9 Bc4 Bd7 10 0-0-0 Rc8} (14. h5 Nxh5 15. Bh6 e6 16. Bxg7 Kxg7 17. f4 Nc4 18. Bxc4 Rxc4 19. f5 Qf6 20. Nde2 Bc6 21. Kb1 Rh8 22. fxg6 Qxg6 23. Qxd6 Bxe4 {0-1 (44) Belous,V (2573)-Lu,S (2615) Olongapo City 2015}) 14... Nc4 {[%emt 0:04:18]} 15. Bxc4 {[%emt 0:00:52]} Rxc4 {[%emt 0:00:07]} 16. f5 {[%emt 0:01:48] [#]} Rxc3 $1 {[%emt 0:08:36]} 17. Qxc3 {[%emt 0:02:02]} Nxe4 {[%emt 0:00:42]} 18. Qe1 $146 {[%emt 0:03:35]} ({Predecessor:} 18. Qb3 gxf5 19. Qxb7 e5 20. Nc6 Bxc6 21. Qxc6 Qa5 {0-1 (36) Neila Castillo,M (2087)-Martinez Martin,D (2308) Zaragoza 2001}) 18... gxf5 {[%emt 0:07:35]} 19. h5 {[%emt 0:00:49]} e5 {[%emt 0:04:00]} 20. h6 {[%emt 0:03:19]} Bf6 {[%emt 0:00:48]} 21. h7+ {[%emt 0:00:44]} Kh8 {[%emt 0:00:52]} 22. Nb3 {[%emt 0:00:12]} Bc6 {[%emt 0:15:25]} 23. Na5 {[%emt 0:00:30]} d5 {[%emt 0:04:13]} 24. Bh6 {[%emt 0:04:13]} Bg5+ {[%emt 0:13:50]} 25. Kb1 {[%emt 0:00:30]} Re8 {[%emt 0:00:37]} 26. Rh5 {[%emt 0:03:49]} Qf6 $2 {[%emt 0:01:07]} (26... Bxh6 $19 27. Nxc6 bxc6 28. Rxh6 f4) 27. Bxg5 {[%emt 0:00:32]} Nxg5 {[%emt 0:01:37]} 28. Qh4 {[%emt 0:00:21]} Ne4 {[%emt 0:01:22]} 29. Qxf6+ {[%emt 0:00:19]} Nxf6 {[%emt 0:00:01]} 30. Rxf5 {[%emt 0:00:15]} Re6 {[%emt 0:01:06]} 31. Rdf1 $2 {[%emt 0:00:55]} (31. Rh1 $11) 31... Ne4 {[%emt 0:05:50]} 32. Rg1 {[%emt 0:00:28]} Rf6 {[%emt 0:07:31]} 33. Rxe5 {[%emt 0:04:00]} Nd2+ {[%emt 0:02:01]} 34. Kc1 {[%emt 0:00:10]} Nf3 {[%emt 0:00:04]} 35. Rf1 {[%emt 0:00:40]} g3 {[%emt 0:00:35]} 36. Re2 {[%emt 0:09:27]} Nd4 {[%emt 0:01:21]} 37. Ree1 {[%emt 0:01:36]} Rxf1 {[%emt 0:00:21]} 38. Rxf1 {[%emt 0:00:07]} g2 {[%emt 0:00:14]} 39. Re1 {[%emt 0:00:36]} g1=Q $19 {[%emt 0:00:24]} 0-1

[Event "POR-chT 1st League 2017"]
[Site "Leiria"]
[Date "2017.07.20"]
[Round "6"]
[White "Cavaleiro, Daniel Felipe Costa"]
[Black "Andrade, Jose M Vieira"]
[Result "*"]
[WhiteElo "2006"]
[BlackElo "2223"]
[Annotator "TA"]
[PlyCount "73"]
[EventDate "2017.??.??"]
[EventType "team-tourn"]
[EventCountry "POR"]
[SourceTitle "playchess.com"]
[Source "ChessBase"]
[SourceQuality "1"]

{[%evp 18,73,34,27,68,62,94,43,39,29,52,39,51,36,41,19,13,0,44,2,22,4,8,2,10,4,14,5,2,6,5,4,8,0,8,6,2,0,6,4,10,8,10,6,22,26,37,37,37,30,37,41,43,49,84,19,60,75]} 1. d4 e6 2. c4 Nf6 3. Nc3 Bb4 4. Qc2 c5 5. dxc5 Bxc5 6. e3 O-O 7. Nf3 d5 8. a3 Nc6 9. b4 Be7 10. Bb2 dxc4 {D40: Queen's Gambit Declined: Semi-Tarrasch with 5 e3} 11. Bxc4 Qc7 {Black wants to play ...Nxb4.} (11... a6 12. O-O Qc7 13. Ba2 Bd7 14. Rac1 Rac8 15. Rfd1 Ne5 16. Nxe5 Qxe5 17. Qe2 Qg5 18. Qf3 {½-½ (47) Gonzalez Trigal,J (2338)-Galego,L (2484) Mondariz 2016}) 12. Nb5 (12. Ne4 $16) 12... Qb8 $14 13. O-O $146 ({Predecessor:} 13. Ng5 h6 14. h4 Rd8 15. f4 a6 16. Nc3 b5 17. Bb3 Qb6 18. Rh3 Bb7 19. Nxf7 Kxf7 20. Rg3 Bf8 21. Qg6+ Ke7 22. Ne4 Nxe4 23. Qxe6# {1-0 (23) Schwarz,F-Dittmann,H Bad Segeberg 1998}) 13... a6 14. Nbd4 Bd7 15. Rac1 Rc8 16. Qb1 Nxd4 17. Bxd4 Bc6 (17... Rxc4 $5 18. Rxc4 Bb5 $14) 18. Be5 (18. Ne5 {feels hotter.} Bd6 19. Qb2 Bb5 20. g3 Rc7 21. f3) 18... Bd6 19. Bxd6 (19. Bxf6 $5 gxf6 20. Be2 $11) 19... Qxd6 20. Rfd1 Qb8 (20... Qe7 {looks sharper.} 21. Nd4 Bd5 22. Bxd5 Nxd5 23. Qd3 h6) 21. Be2 Bd5 22. Rxc8+ (22. Nd2 {is more complex.} h6 23. a4 Qe5 24. Nf3 Qb8 25. a5) 22... Qxc8 23. Rc1 Qd8 24. Qc2 h6 25. h3 Qd6 26. Qc7 Ne8 27. Qc5 Qxc5 28. Rxc5 Nd6 29. Ne5 Rc8 30. Nd7 Bc6 31. Nb6 $36 {[%mdl 2048] Black is under pressure.} Rd8 {[#]} 32. Bxa6 $1 {[%mdl 512]} Ne4 (32... bxa6 33. Rxc6) 33. Rc1 {Threatens to win with b5.} bxa6 34. Rxc6 Rd1+ 35. Kh2 Nxf2 36. Kg3 ({White should try} 36. Nc8 $16) 36... Ne4+ 37. Kf4 {Precision: White = 44%, Black = 42%.} *

[Event "POR-chT 1st League 2017"]
[Site "Leiria"]
[Date "2017.07.21"]
[Round "7"]
[White "Iturrizaga Bonelli, Eduardo"]
[Black "Guerreiro, Nuno"]
[Result "1-0"]
[WhiteElo "2664"]
[BlackElo "2111"]
[Annotator "TA"]
[PlyCount "87"]
[EventDate "2017.??.??"]
[EventType "team-tourn"]
[EventCountry "POR"]
[SourceTitle "playchess.com"]
[Source "ChessBase"]
[SourceQuality "1"]

{[%evp 10,87,25,25,24,7,36,37,22,14,26,0,0,6,15,-1,0,-49,-55,-73,-66,-104,-18,-42,0,0,0,0,0,0,0,-10,46,29,66,67,256,245,306,292,305,296,307,306,299,288,291,292,299,295,370,368,441,434,434,422,460,456,522,517,728,683,787,722,656,611,865,850,1041,1039,2014,1995,29966,29965,29969,4672,29984,29985,29985,29986]} 1. c4 e5 2. g3 Nc6 3. Bg2 Nf6 4. a3 Bc5 5. Nc3 a6 6. e3 O-O {A25: English Opening vs King's Indian with ...Nc6 but without early d3} 7. Nge2 Re8 8. O-O (8. b4 $5 {[%cal Rb4c5]} Ba7 9. Qc2 $11) 8... d6 {White is slightly better.} 9. b4 Ba7 10. d3 Ne7 11. Bb2 Ng6 12. h3 c6 13. e4 $146 ({Predecessor:} 13. a4 d5 14. cxd5 cxd5 15. d4 {0-1 (59) Wegerle,J (2382)-McShane,L (2651) playchess.com INT 2004}) 13... Be6 14. Rc1 b5 15. cxb5 cxb5 (15... axb5 $17 16. Kh2 Qe7) 16. Kh2 $11 d5 17. exd5 Nxd5 18. Ne4 f5 19. Nc5 Bf7 20. Nxa6 Rc8 ({Black should try} 20... Bxf2 $11 21. Bxd5 Bxd5) 21. Nc5 Qd6 {[%cal Ra7c5]} 22. Qd2 Nb6 $2 {[#]} (22... Qd8 $14) 23. Nc3 $1 $18 {[%cal Be2c3,Bc3b5,Bb5d6][%mdl 32]} Nc4 24. Nxb5 Nxd2 25. Nxd6 Nxf1+ 26. Bxf1 Bxc5 27. Nxe8 ({And not} 27. Rxc5 Rxc5 28. bxc5 Rb8 $11) 27... Bxe8 28. Rxc5 Rxc5 29. bxc5 {[%mdl 4096] Endgame KBB-KBN} Bb5 30. Kg1 Kf7 31. d4 Bxf1 32. Kxf1 exd4 33. Bxd4 {KB-KN} Ne7 34. Ke2 Nc6 35. Kd3 g6 36. Kc4 Ke6 37. Bc3 g5 38. a4 {[%cal Ba3a4,Ba4a5,Ba5a6][%mdl 32]} h5 39. a5 f4 40. g4 h4 41. a6 Na7 42. f3 (42. Ba5 $142 Nc6 43. Bb6 Kd7 44. a7 Nxa7 45. Bxa7 Kc6 46. Bb6 f3 47. Ba5) 42... Nc6 43. Kb5 Kd5 44. Bf6 {Precision: White = 71%, Black = 29%.} 1-0